000 00787nam a2200253Ia 4500
003 OSt
005 20220923220509.0
006 a|||||r|||| 00| 0
007 ta
008 220922b |||||||| |||| 00| 0 hin d
024 _a186,991
037 _cTextual
040 _aARTS
_cARTS
_bhin
041 _2hin
_ahin
082 _aX724, 152J4
100 _aश्रीवास्तव, कामेश्वर नाथ
245 0 _aआय कर
246 _aĀya kara
260 _aकलकता
_b बसुश्री प्रेस
_c1954
300 _a303पृ.
_ccm.
650 _aअर्थशास्त्र
942 _hX724, 152J4
_cTEXL
_2CC
999 _c340234
_d340234